| 000 | 01002nmm a2200301 a 4500 | ||
|---|---|---|---|
| 001 | ocm0001864574 | ||
| 003 | TR-IsHL | ||
| 005 | 20201028171645.0 | ||
| 008 | 180329s2016 tu tur | ||
| 007 | cr cn | ||
| 020 | _a9789756218556 | ||
| 035 |
_a1864574 _b(N$T) |
||
| 050 | 0 | 4 |
_aBF637.N66 _bÖ95 2016 |
| 090 | 0 | 4 |
_aBF637.N66 _bÖ95 2016 |
| 100 | 1 | _aÖzkan, Zülfikar | |
| 245 | 1 | 0 |
_aKazandıran beden dili _h[electronic resource] / _cZülfikar Özkan ; yayın editörü Zuhal Doğan |
| 250 | _aDokuzuncu basım | ||
| 260 |
_aİstanbul : _bHayat Yayınları, _c2016 |
||
| 300 | _a385 p. | ||
| 500 |
_aKaynakça var. _x |
||
| 650 | 4 | _aFelsefe, Psikoloji ve Din | |
| 650 | 4 | _aPhilosophy, Psychology and Religion | |
| 650 | 0 | _aBeden dili | |
| 650 | 0 | _aBody language | |
| 650 | 7 |
_aSOCIAL SCIENCE / Body Language & Nonverbal Communication _2bisacsh |
|
| 700 | 1 | _aDoğan, Zuhal | |
| 856 | 4 | 0 | _uhttp://search.ebscohost.com/login.aspx?direct=true&scope=site&db=e011xww&AN=1864574 |
| 999 |
_c16811 _d16811 |
||